000 00530nam a2200193Ia 4500
005 20250326141445.0
008 250326s9999 xx 000 0 und d
037 _aTextbook
040 _aFMSL
_beng
_cFMSL
041 _aeng
_2eng
084 _aX:8 N7
_qFMSL
100 _aSapru R K
245 0 _aManagement of Public Sector Enterprises in India
_cSapru R K
260 _aNew Delhi
_bNew Delhi, Ashish Pub. House
_c1987
300 _a325p
490 _vVol II
942 _cTB
_hX:8 N7
999 _c1290402
_d1290402